西非假面舞者 (Record no. 62035)

000 -LEADER
fixed length control field 00454nam a22001817a 4500
003 - CONTROL NUMBER IDENTIFIER
control field MPLRDC
005 - DATE AND TIME OF LATEST TRANSACTION
control field 20220104182614.0
008 - FIXED-LENGTH DATA ELEMENTS--GENERAL INFORMATION
fixed length control field 210129b ||||| |||| 00| 0 eng d
020 ## - INTERNATIONAL STANDARD BOOK NUMBER
International Standard Book Number 7-80142-699-1
082 ## - DEWEY DECIMAL CLASSIFICATION NUMBER
Classification number 763.5 PER
100 ## - MAIN ENTRY--PERSONAL NAME
Personal name STEPHEN PERN
245 ## - TITLE STATEMENT
Title 西非假面舞者
Statement of responsibility, etc. 高飞译
250 ## - EDITION STATEMENT
Edition statement 一版一刷
260 ## - PUBLICATION, DISTRIBUTION, ETC.
Place of publication, distribution, etc. 中国
Name of publisher, distributor, etc. 华艺出版社
Date of publication, distribution, etc. 2005
300 ## - PHYSICAL DESCRIPTION
Other physical details
650 ## - SUBJECT ADDED ENTRY--TOPICAL TERM
Topical term or geographic name entry element 非洲史地--撒哈拉
942 ## - ADDED ENTRY ELEMENTS (KOHA)
Koha item type Book
-- 763.5 PER
Holdings
Withdrawn status Lost status Source of classification or shelving scheme Damaged status Not for loan Collection code Home library Current library Shelving location Date acquired Cost, normal purchase price Total Checkouts Total Renewals Full call number Barcode Date last seen Date last checked out Price effective from Koha item type Public note
            Malaysian Public Library, Research and Development Centre Malaysian Public Library, Research and Development Centre   31/12/2008 36.00   1 763.5 PER 00056449 18/03/2021 17/01/2010 18/03/2021 Book mplrdc

© 2022. Malaysian Public Library, Research and Development Centre. All Right ReservedE-mailmplrdc@help.edu.my 

Powered by Koha